00958nam a2200265 a 450000100100000000500170001000800410002702000150006804000250008308200180010810000270012624000360015324500870018926000420027630000210031850000450033953400460038465000310043065000350046170000410049691000070053704900090054495201220055399900170067500002130120200930011306.0100903s1999 sp 000 f spa d a8479533714 aDO-SdBNPbspacBNPHU a813.54bP993u1 aPutney, Mary Jo94451310aDancing in the wind.lEspañol10aUn baile con el diablo /cMary Jo Putney ; traducción de Cristina Martín Sanz. aBarcelona :bUrano :bTitania,c1999. a426 p. ;c23 cm. aIncluye lista de obras de la colección aTítulo original :tDancing in the wind. 4aNovela estadounidense9262 4aLiteratura estadounidense92631 aMartín Sanz, Cristina,etr.944188 aWM aBNGR 001054708MOaGRbGRcHDd2010-09-03iLF1l0o813.54 P993up21301-10r2020-06-25w2020-06-25y4ZPréstamo en sala c20801d20801